Loading...
Science - Physics | 0 | 3 | 0 | 1 | 30 | 63 | 90.00 | 1 | 3 |
Religion | 0 | 3 | 0 | 0 | 30 | 72 | 93.67 | 3 | 3 |
Science - Chemistry | 0 | 2 | 0 | 0 | 20 | 61 | 69.00 | 2 | 2 |
Fine Arts - Other Fine Arts | 0 | 2 | 0 | 0 | 20 | 65 | 72.50 | 2 | 2 |
Social Science | 0 | 2 | 0 | 1 | 20 | 96 | 104.50 | 0 | 2 |
History - European History | 0 | 2 | 1 | 0 | 15 | 60 | 86.50 | 1 | 2 |
History - Other History | 0 | 2 | 1 | 0 | 15 | 93 | 93.00 | 1 | 2 |
Fine Arts - Classical Music | 0 | 2 | 1 | 0 | 15 | 103 | 118.00 | 0 | 2 |
Mythology | 0 | 1 | 0 | 1 | 10 | 146 | 146.00 | 0 | 1 |
Geography | 0 | 1 | 0 | 0 | 10 | 48 | 48.00 | 0 | 1 |
History - American History | 0 | 1 | 0 | 0 | 10 | 111 | 111.00 | 0 | 1 |
History - World History | 0 | 1 | 0 | 0 | 10 | 88 | 88.00 | 1 | 1 |
Current Events | 0 | 1 | 0 | 0 | 10 | 61 | 61.00 | 1 | 1 |
Other Academic | 0 | 1 | 0 | 0 | 10 | 61 | 61.00 | 1 | 1 |
Science - Other Science | 0 | 1 | 1 | 0 | 5 | 79 | 79.00 | 1 | 1 |
Science - Biology | 0 | 1 | 1 | 1 | 5 | 122 | 122.00 | 0 | 1 |